A görög filozófia
Elmentve itt :
| Szerző: | |
|---|---|
| Adatforrás: | Philobibl |
| Dokumentumtípus: | Könyv |
| Nyelv: | magyar |
| Kulcsszavak: | filozófiatörténet preszókratika Platón Arisztotelész Szókratész |
| Megjelent: |
Bp.
Szerző
1994
|
| Kiadás: | 4. kiad. |
| LEADER | 00518nam a2200205 c 4500 | ||
|---|---|---|---|
| 001 | bibDOK00000227 | ||
| 005 | 20200924115644.2 | ||
| 008 | 060518s1994 hu hun | ||
| 100 | 1 | |a Pais István | |
| 245 | 1 | 2 | |a A görög filozófia |c Pais István |
| 250 | |a 4. kiad. | ||
| 260 | |a Bp. |b Szerző |c 1994 | ||
| 300 | |a 652 p. | ||
| 500 | |a 3. kiad. 1992-ben | ||
| 500 | |a 2. kiad. 1988-ban | ||
| 695 | |a filozófiatörténet | ||
| 695 | |a preszókratika | ||
| 695 | |a Platón | ||
| 695 | |a Arisztotelész | ||
| 695 | |a Szókratész | ||